[Event "RD-2012-0-00082"]
[Site "LSS email"]
[Date "2013.04.13"]
[Round "?"]
[White "Barfnargen, Lars"]
[Black "Santos Etxepare, Agustin"]
[Result "0-1"]
[WhiteElo "1357"]
[BlackElo "1589"]
[PlyCount "46"]
[EventDate "2012.12.21"]
[EventType "tourn (corr)"]
[EventRounds "6"]
[EventCountry "GER"]
[SourceTitle "Telechess CBM 161"]
[Source "ChessBase"]
[SourceDate "2014.07.16"]
[SourceVersion "1"]
[SourceVersionDate "2014.07.16"]
[SourceQuality "1"]

1. e4 e5 2. Nf3 Nf6 3. Nc3 Nc6 4. Bc4 Bc5 5. 0-0 0-0 6. d4 exd4 7. Nd5 h6 8. Qd3 d6 9. a3 a5 10. Bd2 Bg4 11. Nxf6+ Qxf6 12. Ne1 Ne5 13. Qg3 Nxc4 14. Qf4 Qe6 15. Nf3 Bxf3 16. gxf3 g5 17. Qg4 Nxd2 18. Rfd1 f5 19. exf5 Qe2 20. Kg2 d3 21. cxd3 Qxf2+ 22. Kh3 Nxf3 23. Rh1 h5 0-1

[Event "ZI-2013-0-01578"]
[Site "LSS email"]
[Date "2013.03.26"]
[Round "?"]
[White "Barfnargen, Lars"]
[Black "Poblete, Litos"]
[Result "0-1"]
[WhiteElo "1399"]
[BlackElo "1670"]
[PlyCount "58"]
[EventDate "2013.03.21"]
[EventType "match (corr)"]
[EventRounds "2"]
[EventCountry "GER"]
[SourceTitle "Telechess CBM 159"]
[Source "ChessBase"]
[SourceDate "2014.03.17"]
[SourceVersion "1"]
[SourceVersionDate "2014.03.17"]
[SourceQuality "1"]

1. e4 c6 2. d3 d5 3. Nd2 g6 4. g3 Bg7 5. Bg2 dxe4 6. dxe4 Nf6 7. Ngf3 Bg4 8. h3 Bxf3 9. Qxf3 Nbd7 10. 0-0 Ne5 11. Qb3 Qb6 12. Nc4 Nxc4 13. Qxc4 0-0 14. Rb1 e5 15. Be3 Qc7 16. c3 Rfd8 17. Qe2 b6 18. Bg5 h6 19. Be3 Rd7 20. h4 Rad8 21. Qf3 Rd3 22. Rbd1 Qd7 23. Qe2 Rxd1 24. Rxd1 Qxd1+ 25. Qxd1 Rxd1+ 26. Kh2 Ng4+ 27. Kh3 Nxe3 28. fxe3 Rd2 29. b4 Rxa2 0-1

[Event "ZI-2011-0-01004"]
[Site "LSS email"]
[Date "2011.05.27"]
[Round "?"]
[White "Barfnargen, Lars"]
[Black "Hillebrand, Carsten"]
[Result "0-1"]
[WhiteElo "1650"]
[BlackElo "1587"]
[PlyCount "28"]
[EventDate "2011.05.24"]
[EventType "match (corr)"]
[EventRounds "2"]
[EventCountry "GER"]
[SourceTitle "Corr 2015"]
[Source "ChessBase"]
[SourceDate "2015.07.17"]
[SourceVersion "1"]
[SourceVersionDate "2015.07.17"]
[SourceQuality "1"]

1. e4 c5 2. Nf3 d6 3. d4 cxd4 4. Bc4 a6 5. 0-0 Nf6 6. Qxd4 e6 7. Bg5 Be7 8. Nc3 b5 9. Bd3 Bb7 10. h3 Nc6 11. Qe3 0-0 12. Rad1 Qc7 13. a3 Rac8 14. Ne2 Rfe8 0-1

[Event "OP-2011-0-01519"]
[Site "LSS email"]
[Date "2011.05.09"]
[Round "?"]
[White "Barfnargen, Lars"]
[Black "Molano Lafuente, Ismael"]
[Result "0-1"]
[WhiteElo "1650"]
[BlackElo "1283"]
[PlyCount "50"]
[EventDate "2011.05.07"]
[EventType "tourn (corr)"]
[EventRounds "4"]
[EventCountry "GER"]
[SourceTitle "Telechess CBM 151"]
[Source "ChessBase"]
[SourceDate "2012.11.13"]
[SourceVersion "1"]
[SourceVersionDate "2012.11.13"]
[SourceQuality "1"]

1. e4 c5 2. Nf3 Nc6 3. d4 cxd4 4. Bc4 Nf6 5. e5 Nxe5 6. Bb3 Nxf3+ 7. Qxf3 Qa5+ 8. Bd2 Qe5+ 9. Qe2 Qxe2+ 10. Kxe2 e5 11. f3 d5 12. Bg5 Be6 13. Nd2 Bd6 14. h3 Nd7 15. a3 Nc5 16. Ba2 Rc8 17. Rac1 h6 18. Bh4 0-0 19. g4 Rfe8 20. Nf1 Na4 21. Bb3 Nxb2 22. a4 d3+ 23. Kd2 Bb4+ 24. Ke3 d4+ 25. Ke4 Bxb3 0-1

[Event "OP-2011-0-01519"]
[Site "LSS email"]
[Date "2011.05.09"]
[Round "?"]
[White "Jablonski, Czeslaw"]
[Black "Barfnargen, Lars"]
[Result "1-0"]
[WhiteElo "1475"]
[BlackElo "1650"]
[PlyCount "51"]
[EventDate "2011.05.07"]
[EventType "tourn (corr)"]
[EventRounds "4"]
[EventCountry "GER"]
[SourceTitle "Telechess CBM 151"]
[Source "ChessBase"]
[SourceDate "2012.11.13"]
[SourceVersion "1"]
[SourceVersionDate "2012.11.13"]
[SourceQuality "1"]

1. e4 d5 2. exd5 Nf6 3. d4 Nxd5 4. Nf3 Bg4 5. Be2 e6 6. 0-0 Bd6 7. h3 Bf5 8. c4 Nf4 9. Bxf4 0-0 10. Bxd6 cxd6 11. Nc3 Nc6 12. d5 exd5 13. cxd5 Ne7 14. Nd4 Bg6 15. Bg4 f5 16. Ne6 Qd7 17. Nxf8 Rxf8 18. Bh5 f4 19. Re1 Bf5 20. Qe2 Nc8 21. Bg4 Bxg4 22. Qxg4 Qc7 23. Rac1 Qb6 24. Qe6+ Kh8 25. Ne4 Qxb2 26. Rxc8 1-0